Nové trendy v manažmente vysokých škôl

Salvato in:
Dettagli Bibliografici
Autore principale: Andrejovský, Pavol, 1975-
Natura: Capitolo di libro
Lingua:slovacco
Soggetti:
Tags: Aggiungi Tag
Nessun Tag, puoi essere il primo ad aggiungerne!!

MARC

LEADER 00000naa$a2200000$$$4500
001 0260764
005 20240502074131.8
041 0 |a slo 
044 |a SK 
245 1 0 |a Nové trendy v manažmente vysokých škôl  |c Pavol Andrejovský 
500 |a abstrakt 
610 2 0 |a vzdelávanie 
610 2 0 |a manažment 
610 2 0 |a školy vysoké 
610 2 0 |a akreditácia 
100 1 |a Andrejovský, Pavol, 1975-